Oxford economic papers

Uložené v:
Podrobná bibliografia
Médium: Seriál
Jazyk:English
Vydavateľské údaje: Oxford Oxford University Press 1965
Predmet:
Tagy: Pridať tag
Žiadne tagy, Buďte prvý, kto otaguje tento záznam!

MARC

LEADER 00000nas2a22000001 4500
001 0016061
005 20250730114341.6
022 |a 0030-7653 
041 0 |a eng 
044 |a GB 
245 1 0 |a Oxford economic papers 
264 1 |a Oxford  |b Oxford University Press  |c 1965 
300 |a 1 zv. 
773 0 |w eu_un_cat*s120212 
610 2 0 |a ekonómia 
610 2 0 |a teórie ekonomické 
610 2 0 |a rozvoj hospodársky